Propuesta de plan de marketing para la empresa suministros gráficos para el período de Enero 2019 hasta Diciembre 2021
Presenta la elaboración de un plan de marketing de la empresa suministros gráficos s.a determinando sus fortalezas, oportunidades, debilidades y amenazas, así como diversos análisis cuantitativos que permiten las mejores estrategias de marketing a seguir, que sea capaz de aumentar las ventas....
| Main Authors: | , |
|---|---|
| Other Authors: | |
| Format: | Tesis Section = Libro |
| Language: | Undetermined Spanish |
| Published: |
Managua
UNI
2019
|
| Subjects: |
| LEADER | 01158nam a2200265Ia 4500 | ||
|---|---|---|---|
| 008 | 240830s9999 xx 000 0 und d | ||
| 040 | |a BIBLIOTECA-RUSB/ M.Mon 658.836 A283 | ||
| 041 | |a spa | ||
| 082 | |a M.Mon 658.836 A283 | ||
| 100 | 1 | |a Aguilar González, Marylena | |
| 100 | 1 | |b Prado Trejos, Roxana | |
| 245 | 1 | 0 | |a Propuesta de plan de marketing para la empresa suministros gráficos para el período de Enero 2019 hasta Diciembre 2021 |
| 260 | |a Managua |b UNI |c 2019 | ||
| 300 | |a 62 p. :il. | ||
| 500 | |a Contiene: anexos y CD. | ||
| 502 | |a Tesis (Máster en Gestión Empresarial) - UNI, 2019. | ||
| 520 | 3 | |a Presenta la elaboración de un plan de marketing de la empresa suministros gráficos s.a determinando sus fortalezas, oportunidades, debilidades y amenazas, así como diversos análisis cuantitativos que permiten las mejores estrategias de marketing a seguir, que sea capaz de aumentar las ventas. | |
| 650 | 7 | |a MERCADEO | |
| 650 | 7 | |b PLANEACION EMPRESARIAL | |
| 650 | 7 | |c PLANIFICACION ESTRATEGICA | |
| 650 | 7 | |d PROMOCION DE VENTAS | |
| 700 | 1 | |a Tutor: |b Sequeira, José Manuel | |
| 942 | |c BK |2 ddc | ||
| 991 | |a TESIS | ||
| 999 | |c 19523 | ||